000 00288nam a22001337a 4500
008 170503b xxu||||| |||| 00| 0 eng d
020 _a9780205489077
041 _aeng
080 _a343.9
100 _a13
101 _aSHJ
245 _aCRIMINAL JUSTICE
_cFAGIN.J.A
942 _2udc
_cBK
999 _c12525
_d12525